Edfou VII /

محفوظ في:

المؤلف الرئيسي: Kurth, Dieter.

مؤلفون آخرون: Behrmann, Almuth, 1931-

التنسيق: كتاب

اللغة: German

منشور في: Wiesbaden : Harrassowitz, 2004.

سلاسل: Inschriften des Tempels von Edfu. Abteilung I, Übersetzungen, 2.

الموضوعات:

الوسوم: إضافة وسم

لا توجد وسوم, كن أول من يضع وسما على هذه التسجيلة!

رقم الطلب: PJ1526 .E2 I31 v.2

LEADER 00849nam a22002417a 4500
003 OSt
005 20251020093042.0
008 251020t2004 gw a b 000 0 ger d
040 |c ARCE Library 
050 1 4 |a PJ1526 .E2  |b I31 v.2 
100 1 |a Kurth, Dieter. 
245 1 0 |a Edfou VII /   |c Dieter Kurth ; unter Mitarbeit von Almuth Behrmann ... [et al.]. 
264 1 |a Wiesbaden :   |b Harrassowitz,   |c 2004. 
300 |a xviii, 861 p. :   |b ill. ;   |c 30 cm. +   |e 1 CD-ROM. 
490 0 |a Inschriften des Tempels von Edfu. Abteilung I, Übersetzungen,   |x 0937-8413 ;   |v 2. 
504 |a Includes bibliographical references. 
650 0 |a Egyptian language -- Writing, Hieroglyphic. 
650 0 |a Inscriptions, Egyptian. 
650 0 |a Temple of Horus (Idfū, Egypt) 
700 1 |a Behrmann, Almuth,   |d 1931- 
901 |a reviewed 
942 |2 lcc  |c BK 
999 |c 50121  |d 50121